[Event "ISL-chT"]
[Site "Iceland"]
[Date "1997.??.??"]
[Round "?"]
[White "Agustsson, Johannes"]
[Black "Thorhallsson, Throstur"]
[Result "0-1"]
[WhiteElo "2315"]
[BlackElo "2500"]
[PlyCount "86"]
[EventDate "1997.??.??"]
[EventType "team"]
[EventRounds "9"]
[EventCountry "ISL"]
[SourceTitle "EXT 2000"]
[Source "ChessBase"]
[SourceDate "1999.11.16"]
[SourceVersion "1"]
[SourceVersionDate "1999.11.16"]
[SourceQuality "1"]

1. Nf3 d5 2. g3 Nf6 3. Bg2 Bg4 4. c4 c6 5. Qb3 Qb6 6. d3 Nbd7 7. Be3 dxc4 8. dxc4 Qc7 9. Nbd2 e5 10. 0-0 Be7 11. Bg5 h6 12. Bxf6 Bxf6 13. Rac1 Be7 14. Qc3 a5 15. a3 a4 16. Rfe1 0-0 17. Nf1 f5 18. Ne3 Bc5 19. h3 Bh5 20. g4 fxg4 21. hxg4 Bxe3 22. Qxe3 Bxg4 23. Nd2 Nf6 24. c5 Be6 25. Bh3 Rae8 26. Bxe6+ Rxe6 27. Rc4 Nd5 28. Qe4 Rf4 29. Qg2 Qf7 30. Rxf4 Nxf4 31. Qf3 e4 32. Nxe4 Qf5 33. Nd2 Rg6+ 34. Kh1 Rg4 35. Nf1 Rh4+ 36. Kg1 Nh3+ 37. Kg2 Rf4 38. Ng3 Qe6 39. Qh5 Rxf2+ 40. Kh1 Ng5 41. Rd1 Ne4 42. Qh4 Nxg3+ 43. Qxg3 Qxe2 0-1

[Event "Politiken Cup 11th"]
[Site "Copenhagen"]
[Date "1989.06.20"]
[Round "3"]
[White "Agustsson, Johannes"]
[Black "Kristiansen, Jens"]
[Result "0-1"]
[WhiteElo "2300"]
[BlackElo "2405"]
[PlyCount "92"]
[EventDate "1989.06.18"]
[EventType "swiss"]
[EventRounds "10"]
[EventCountry "DEN"]
[SourceTitle "EXT 2000"]
[Source "ChessBase"]
[SourceDate "1999.11.16"]
[SourceVersion "1"]
[SourceVersionDate "1999.11.16"]
[SourceQuality "1"]

1. Nf3 g6 2. g3 Bg7 3. Bg2 d6 4. 0-0 e5 5. d3 f5 6. c4 Nf6 7. Nc3 0-0 8. Rb1 a5 9. a3 Nh5 10. Nd2 Nc6 11. e3 Ne7 12. b4 axb4 13. axb4 c6 14. b5 c5 15. Nd5 Nxd5 16. cxd5 Nf6 17. Nc4 e4 18. Bb2 Qe7 19. Bxf6 Bxf6 20. Nb6 Ra3 21. Rb3 Rxb3 22. Qxb3 exd3 23. Qxd3 Bd7 24. Rb1 Be8 25. Rb3 Bg7 26. Bh3 Qf6 27. Nc4 g5 28. f4 gxf4 29. gxf4 Kh8 30. Nd2 Qh4 31. Bg2 Qe1+ 32. Nf1 Bd7 33. Qd2 Qa1 34. Qd3 Rc8 35. Rb1 c4 36. Rxa1 cxd3 37. Rd1 Bxb5 38. Ng3 Bb2 39. Nxf5 Rc1 40. Bf3 Ba4 41. Rxc1 Bxc1 42. Kf2 Ba3 43. e4 d2 44. e5 d1Q 45. Bxd1 Bxd1 46. exd6 Ba4 0-1

[Event "Politiken Cup 11th"]
[Site "Copenhagen"]
[Date "1989.06.19"]
[Round "2"]
[White "Hoi, Carsten"]
[Black "Agustsson, Johannes"]
[Result "1/2-1/2"]
[WhiteElo "2460"]
[BlackElo "2300"]
[PlyCount "61"]
[EventDate "1989.06.18"]
[EventType "swiss"]
[EventRounds "10"]
[EventCountry "DEN"]
[SourceTitle "EXT 2000"]
[Source "ChessBase"]
[SourceDate "1999.11.16"]
[SourceVersion "1"]
[SourceVersionDate "1999.11.16"]
[SourceQuality "1"]

1. d4 e6 2. Nf3 Nf6 3. e3 c5 4. c4 d5 5. Nc3 Nc6 6. a3 a6 7. b3 cxd4 8. exd4 Be7 9. Bb2 0-0 10. Bd3 Qc7 11. 0-0 Bd7 12. Re1 Rfe8 13. c5 b6 14. cxb6 Qxb6 15. Na4 Qb7 16. Nc5 Bxc5 17. dxc5 Qc7 18. Bxf6 gxf6 19. Qd2 Kg7 20. b4 e5 21. Nh4 e4 22. Bc2 Re5 23. g3 Rae8 24. Ba4 Ne7 25. Bxd7 Qxd7 26. f4 Rh5 27. Rxe4 Rxh4 28. Rxe7 Rxe7 29. gxh4 Re4 30. Kh1 Qe6 31. Rg1+ 1/2-1/2

[Event "ISL-ch"]
[Site "Hafnarfjordur"]
[Date "1988.??.??"]
[Round "4"]
[White "Agustsson, Johannes"]
[Black "Lagerman, Robert"]
[Result "1-0"]
[WhiteElo "2285"]
[BlackElo "2295"]
[PlyCount "63"]
[EventDate "1988.??.??"]
[EventType "tourn"]
[EventRounds "11"]
[EventCountry "ISL"]
[EventCategory "4"]
[SourceTitle "EXT 2004"]
[Source "ChessBase"]
[SourceDate "2003.11.25"]
[SourceVersion "1"]
[SourceVersionDate "2003.11.25"]
[SourceQuality "1"]

1. e4 e5 2. Nf3 Nc6 3. Bb5 a6 4. Ba4 Nf6 5. d3 b5 6. Bb3 Be7 7. 0-0 0-0 8. c3 d5 9. Qe2 d4 10. cxd4 Nxd4 11. Nxd4 Qxd4 12. Nc3 Bg4 13. Qc2 c6 14. h3 Bh5 15. g4 Bg6 16. Ne2 Qd7 17. f4 exf4 18. Nxf4 Qd4+ 19. Kg2 Bd6 20. Qc3 Qb6 21. Nxg6 hxg6 22. Rxf6 b4 23. Qd2 gxf6 24. Qh6 Qd4 25. Qxg6+ Kh8 26. Qh5+ Kg8 27. Bh6 f5 28. Rf1 f4 29. Bxf4 Bxf4 30. Rxf4 Qxb2+ 31. Kg3 Ra7 32. Rf5 1-0

[Event "Reykjavik op"]
[Site "Reykjavik"]
[Date "1988.??.??"]
[Round "?"]
[White "Agustsson, Johannes"]
[Black "Lagerman, Robert"]
[Result "1-0"]
[WhiteElo "2285"]
[BlackElo "2295"]
[PlyCount "121"]
[EventDate "1988.02.??"]
[EventType "swiss"]
[EventRounds "11"]
[EventCountry "ISL"]
[SourceTitle "TD"]
[Source "ChessBase"]
[SourceDate "1994.03.01"]
[SourceVersion "1"]
[SourceVersionDate "1994.03.01"]
[SourceQuality "1"]

1. Nf3 d5 2. g3 c5 3. Bg2 Nc6 4. c4 e6 5. 0-0 Nf6 6. b3 Be7 7. Bb2 0-0 8. e3 a6 9. d3 b5 10. Na3 Qb6 11. Qe2 Bb7 12. Rfd1 Rfd8 13. Rab1 Nb4 14. h3 h6 15. Kh2 Rac8 16. Ra1 dxc4 17. dxc4 Be4 18. Ne5 Rxd1 19. Rxd1 Bxg2 20. Kxg2 Rb8 21. Ng4 Qb7+ 22. Kg1 Nxg4 23. Qxg4 Bf8 24. Rd3 Nc6 25. Qe4 Nb4 26. Qf4 Rc8 27. Ba1 Nc6 28. Qf3 b4 29. Nc2 a5 30. Qd1 Rc7 31. Ne1 a4 32. Nf3 axb3 33. axb3 Na5 34. Rd8 Rc8 35. Rd7 Qe4 36. Ne5 f6 37. Ng4 Qg6 38. Bb2 h5 39. Nh2 Nc6 40. Nf3 Qe8 41. Rb7 Rd8 42. Qc2 Ne7 43. Nh4 Qc6 44. Ra7 Nf5 45. Ng2 Qf3 46. Ra1 h4 47. g4 Ne7 48. Nf4 e5 49. Ne6 Rc8 50. Ra7 Qc6 51. Nxf8 Kxf8 52. Qd3 Kf7 53. g5 Rc7 54. g6+ Ke6 55. Rxc7 Qxc7 56. Qe4 Qd6 57. Qg4+ f5 58. Qxh4 Qd1+ 59. Kg2 Qxb3 60. Bxe5 Qxc4 61. Qxc4+ 1-0

[Event "Reykjavik op"]
[Site "Reykjavik"]
[Date "1988.??.??"]
[Round "?"]
[White "Stefansson, Hannes"]
[Black "Agustsson, Johannes"]
[Result "1/2-1/2"]
[WhiteElo "2395"]
[BlackElo "2285"]
[PlyCount "22"]
[EventDate "1988.02.??"]
[EventType "swiss"]
[EventRounds "11"]
[EventCountry "ISL"]
[SourceTitle "TD"]
[Source "ChessBase"]
[SourceDate "1994.03.01"]
[SourceVersion "1"]
[SourceVersionDate "1994.03.01"]
[SourceQuality "1"]

1. e4 c5 2. Nf3 e6 3. d4 cxd4 4. Nxd4 Nf6 5. Nc3 d6 6. Bc4 Be7 7. Be3 0-0 8. Qe2 d5 9. exd5 exd5 10. Bb3 Bb4 11. 0-0 Bxc3 1/2-1/2

[Event "ISL-ch"]
[Site "Hafnarfjordur"]
[Date "1988.??.??"]
[Round "7"]
[White "Thorsteins, Karl"]
[Black "Agustsson, Johannes"]
[Result "1-0"]
[WhiteElo "2440"]
[BlackElo "2285"]
[PlyCount "73"]
[EventDate "1988.??.??"]
[EventType "tourn"]
[EventRounds "11"]
[EventCountry "ISL"]
[EventCategory "4"]
[SourceTitle "EXT 2004"]
[Source "ChessBase"]
[SourceDate "2003.11.25"]
[SourceVersion "1"]
[SourceVersionDate "2003.11.25"]
[SourceQuality "1"]

1. d4 Nf6 2. c4 e6 3. Nc3 Bb4 4. Qc2 b6 5. e4 Bb7 6. Bd3 d5 7. cxd5 exd5 8. e5 Ne4 9. Nf3 c5 10. 0-0 Bxc3 11. bxc3 h6 12. Nd2 Nxd2 13. Qxd2 0-0 14. Qe2 Nc6 15. Qh5 cxd4 16. cxd4 Nb4 17. Bf5 Bc8 18. Rb1 Nxa2 19. Bxh6 Bxf5 20. Qxf5 Qh4 21. Bxg7 Kxg7 22. Rb3 Rg8 23. Rg3+ Kf8 24. e6 Qe7 25. Qh7 Rxg3 26. fxg3 Qxe6 27. Qh8+ Ke7 28. Qxa8 a5 29. Qb8 Nb4 30. h4 Nd3 31. Qc7+ Ke8 32. Rf3 Ne1 33. Rc3 Qe4 34. Qc8+ Ke7 35. Rc7+ Kf6 36. Qh8+ Kg6 37. Rc6+ 1-0

[Event "Politiken Cup 09th "]
[Site "Copenhagen"]
[Date "1987.??.??"]
[Round "10"]
[White "Agustsson, Johannes"]
[Black "Hamann, Svend"]
[Result "1-0"]
[WhiteElo "2275"]
[BlackElo "2385"]
[PlyCount "71"]
[EventDate "1987.06.??"]
[EventType "swiss"]
[EventRounds "10"]
[EventCountry "DEN"]
[SourceTitle "EXT 1997"]
[Source "ChessBase"]
[SourceDate "1996.11.15"]
[SourceVersion "1"]
[SourceVersionDate "1996.11.15"]
[SourceQuality "1"]

1. e4 c5 2. Nf3 e6 3. d4 cxd4 4. Nxd4 a6 5. Nc3 d6 6. Bd3 Nc6 7. Be3 Nge7 8. 0-0 Nxd4 9. Bxd4 Nc6 10. Be3 b5 11. f4 Be7 12. Qh5 g6 13. Qf3 0-0 14. a4 b4 15. Ne2 Bb7 16. Nd4 Bf6 17. Qf2 Qe7 18. Rad1 Nxd4 19. Bxd4 e5 20. fxe5 Bxe5 21. b3 a5 22. Be3 Kg7 23. Qd2 Qh4 24. g3 Qh3 25. Rf2 Rfe8 26. Bh6+ Kg8 27. Bc4 d5 28. exd5 Bd6 29. Rf3 Bc5+ 30. Kh1 Rad8 31. Rdf1 f5 32. Rxf5 Re4 33. Rf7 Rd4 34. Qg5 R4xd5 35. Rg7+ Kh8 36. Rxh7+ 1-0

[Event "Politiken Cup 09th "]
[Site "Copenhagen"]
[Date "1987.??.??"]
[Round "1"]
[White "Agustsson, Johannes"]
[Black "Jakobsen, Ole"]
[Result "1-0"]
[WhiteElo "2275"]
[BlackElo "2400"]
[PlyCount "71"]
[EventDate "1987.06.??"]
[EventType "swiss"]
[EventRounds "10"]
[EventCountry "DEN"]
[SourceTitle "EXT 1997"]
[Source "ChessBase"]
[SourceDate "1996.11.15"]
[SourceVersion "1"]
[SourceVersionDate "1996.11.15"]
[SourceQuality "1"]

1. e4 c5 2. Nf3 e6 3. d4 cxd4 4. Nxd4 d6 5. Nc3 a6 6. Bd3 Bd7 7. Be3 Nc6 8. 0-0 Nf6 9. f4 Qc7 10. Qf3 Be7 11. Rae1 0-0 12. Kh1 Rac8 13. Qg3 g6 14. Nf3 Nb4 15. e5 Nh5 16. Qh3 Nxd3 17. cxd3 Bc6 18. Nd4 Rfd8 19. f5 dxe5 20. Nxe6 fxe6 21. fxg6 Nf6 22. Qxe6+ Kh8 23. Bg5 Rf8 24. Rxf6 Bxf6 25. Bxf6+ Rxf6 26. Qxf6+ Qg7 27. Qxe5 Qxe5 28. Rxe5 hxg6 29. d4 Kg7 30. d5 Re8 31. Rxe8 Bxe8 32. Ne4 Bf7 33. d6 Kf8 34. a3 Ke8 35. Nf6+ Kd8 36. h4 1-0

[Event "Politiken Cup 09th "]
[Site "Copenhagen"]
[Date "1987.??.??"]
[Round "9"]
[White "Poulsen, Allan"]
[Black "Agustsson, Johannes"]
[Result "0-1"]
[WhiteElo "2330"]
[BlackElo "2275"]
[PlyCount "106"]
[EventDate "1987.06.??"]
[EventType "swiss"]
[EventRounds "10"]
[EventCountry "DEN"]
[SourceTitle "EXT 1997"]
[Source "ChessBase"]
[SourceDate "1996.11.15"]
[SourceVersion "1"]
[SourceVersionDate "1996.11.15"]
[SourceQuality "1"]

1. e4 Nc6 2. Nc3 e6 3. d4 d5 4. Nf3 Bb4 5. e5 Nge7 6. a3 Bxc3+ 7. bxc3 b6 8. Bd3 Bb7 9. h4 Qd7 10. h5 h6 11. Rh3 0-0-0 12. Qe2 Na5 13. a4 Qc6 14. Bd2 Nc4 15. Rg3 Rdg8 16. Nh4 Kb8 17. Bc1 Bc8 18. Kd1 a5 19. Rf3 Rf8 20. Rf4 f6 21. Rg4 fxe5 22. Rxg7 Nf5 23. Nxf5 exf5 24. dxe5 Rhg8 25. Rxg8 Rxg8 26. f3 Qc5 27. Bxh6 Rh8 28. Bf4 Rxh5 29. Qe1 Be6 30. Rb1 Na3 31. Ra1 Nc4 32. Rb1 Qa3 33. Bxc4 dxc4 34. Ke2 Qxa4 35. Qd2 Rh8 36. Rd1 Kb7 37. Kf2 Qa3 38. Qd4 Qb2 39. Qd2 a4 40. Rc1 a3 41. Qd1 Qxc3 42. Qd2 Qxd2+ 43. Bxd2 c5 44. Ra1 Ra8 45. c3 b5 46. Ke3 Ra4 47. Kf4 b4 48. Bc1 Kc6 49. g4 fxg4 50. fxg4 Ra8 51. g5 Rf8+ 52. Ke3 Rf1 53. Kd2 Kb5 0-1